000 00594nam a2200217 i 4500
001 6002
003 ES-MaACL
005 20250315062538.0
008 890622s1988 sp ||||1| spa d
020 _a84-321-2403-6
080 _a821.134.2-14"19"
100 1 _aSerradilla, Francisco.
_9105668
245 1 3 _aEl bosque insobornable /
_cFrancisco Serradilla.
260 _aMadrid :
_bRialp,
_c1988.
300 _a80 p. ;
_c18 cm.
490 1 _aAdonáis ;
_v449
586 _aPremio Adonáis 1987
830 1 0 _aAdonáis
_v449
_9173743
852 _aES-MaACL
_jJ-23-449
999 _c6002
_d6002